| 000 | 00000nam 2200000za 4500 |
| 001 | 9.697132 |
| 003 | CaOODSP |
| 005 | 20210624235339 |
| 007 | cr ||||||||||| |
| 008 | 150407s2005 xxc|||||o f|0| 0 eng d |
| 040 | |aCaOODSP|beng |
| 043 | |an-cn--- |
| 086 | 1 |aT52-4/77-2005E-PDF |
| 110 | 1 |aCanada. |bTransport Canada. |
| 245 | 10|aAviation - land use in the vicinity of airports |h[electronic resource] / |c[by] Civil Aviation Communications Centre (AARC). |
| 260 | |aOttawa, |bTransport Canada, |cc2005. |
| 300 | |a47 p. : |bill. |
| 500 | |aIssued also in HTML format. |
| 590 | |a13-02-Supp|b2013-01-11 |
| 690 | 07|aAirports|2gcpds |
| 690 | 07|aLand management|2gcpds |
| 775 | 08|tAviation - utilisation des terrains au voisinage des aéroports |w(CaOODSP)9.641200 |
| 856 | 40|ahttp://publications.gc.ca|qPDF|s1.32 MB|uhttps://publications.gc.ca/collections/collection_2013/tc/T52-4-77-2005-eng.pdf |
| 856 | 40|qHTML|sN/A|uhttps://tc.canada.ca/en/aviation/publications/aviation-land-use-vicinity-aerodromes-tp-1247 |
| 986 | |aTP 1247E (05/2005) |